|
|
|
|
| LEADER |
00000cam a2200000 7i4500 |
| 001 |
0000002137 |
| 005 |
20021123.0 |
| 020 |
0 |
0 |
|a 9678906430
|
| 090 |
0 |
0 |
|a R344.5950545
|b MAL 2001
|
| 110 |
1 |
0 |
|a MALAYSIA
|
| 245 |
1 |
0 |
|a Dangerous Drugs (Forfeiture of Property) Act 1988 (Act 340) & Regulations 1989 (Special Preventive Measures) Act 1985 (Act 316) & Rules, 1987 (as at 5th February 2001)
|c compiled by Legal Research Board
|
| 260 |
0 |
0 |
|a Kuala Lumpur :
|b International Law Book Services ,
|c 2001
|
| 300 |
|
|
|a iv, 131 p. ;
|c 24 cm.
|
| 440 |
0 |
0 |
|a Laws of Malaysia
|
| 650 |
0 |
0 |
|a Drugs
|x Law and legislation
|z Malaysia
|
| 998 |
|
|
|a JPSM
|
| 999 |
|
|
|a 0000003530
|b Monograph
|c Reference
|e Default branch
|